Μαρία η αιγυπτία η ο πυρπολημένος πόθος
Αποθηκεύτηκε σε:
| Κύριος συγγραφέας: | |
|---|---|
| Άλλοι συγγραφείς: | , |
| Μορφή: | Βιβλίο |
| Γλώσσα: | Greek French |
| Δημοσίευση: |
Αθήνα :
Χατζηνικολή,
1984.
|
| Έκδοση: | 2η εκδ. |
| Θέματα: | |
| Ετικέτες: |
Προσθήκη ετικέτας
Δεν υπάρχουν, Καταχωρήστε ετικέτα πρώτοι!
|
MARC
| LEADER | 00000cam a2200000 i 4500 | ||
|---|---|---|---|
| 001 | 1/54695 | ||
| 008 | 941103s1984 gr | ||| |||| ||gre|| | ||
| 020 | |a 960264057X | ||
| 035 | |a 1994 |c ΒΙΒΛΙΟΘΗΚΗ |l 10045070 | ||
| 040 | |a GR-MyUA |b gre |e AACR2 | ||
| 041 | 1 | |a gre |h fre | |
| 082 | 0 | |a 843 | |
| 100 | 1 | |a Lacarriere, Jacques |d 1925- | |
| 245 | 1 | 0 | |a Μαρία η αιγυπτία η ο πυρπολημένος πόθος / |c Jacques Lacarriere ; μετάφραση Μίνως Πόθος, Μαρία Λαμπαδαρίδου Πόθου. |
| 250 | |a 2η εκδ. | ||
| 260 | |a Αθήνα : |b Χατζηνικολή, |c 1984. | ||
| 300 | |a 214 σ. ; |c 21 εκ. | ||
| 500 | |a Τίτλος πρωτοτύπου: Marie d' egypte. | ||
| 650 | 0 | 0 | |a French fiction. |
| 700 | 1 | |a Πόθος, Μίνως, |e trl | |
| 700 | 1 | |a Λαμπαδαρίδου-Πόθου, Μαρία, |d 1933- |e trlf | |
| 852 | |a INST |b SAMOS |e 19941103 |h 843 LAC |p 005300006476 |q 005300006476 |t BK |y 0 | ||
| 909 | |a Σ |b 034633 | ||